[Event "WCO2014"]
[Site "Tromso"]
[Date "2014.08.09"]
[Round "7.48"]
[WhiteID "9200355"]
[White "Elarbi Abobker"]
[BlackID "11700025"]
[Black "Asefi Zaheeruddeen"]
[Result "0-1"]
[LiveChessVersion "1.4.3"]
[BlackElo "1996"]
[WhiteElo "2283"]

1. d4 {[%clk 1:30:57]} Nf6 {[%clk 1:30:44]} 2. c4 {[%clk 1:30:24]} c5
{[%clk 1:29:49]} 3. d5 {[%clk 1:30:34]} e5 {[%clk 1:29:56]} 4. Nc3
{[%clk 1:30:48]} d6 {[%clk 1:30:12]} 5. e4 {[%clk 1:30:46]} Be7 {[%clk 1:30:30]}
6. Bd3 {[%clk 1:30:28]} O-O {[%clk 1:30:16]} 7. Nge2 {[%clk 1:28:59]} Ne8
{[%clk 1:22:26]} 8. O-O {[%clk 1:25:28]} a6 {[%clk 1:21:20]} 9. f4
{[%clk 1:25:15]} exf4 {[%clk 1:21:14]} 10. Bxf4 {[%clk 1:24:45]} Nd7
{[%clk 1:19:32]} 11. Ng3 {[%clk 1:19:38]} Bg5 {[%clk 1:18:56]} 12. Qh5
{[%clk 0:58:50]} Bxf4 {[%clk 1:19:04]} 13. Rxf4 {[%clk 0:59:10]} Ne5
{[%clk 1:19:03]} 14. Be2 {[%clk 0:58:41]} Nf6 {[%clk 1:11:17]} 15. Rxf6
{[%clk 0:55:29]} Qxf6 {[%clk 1:11:30]} 16. Rf1 {[%clk 0:55:47]} Qd8
{[%clk 1:09:02]} 17. Nd1 {[%clk 0:53:32]} b5 {[%clk 1:08:34]} 18. Ne3
{[%clk 0:53:26]} Ra7 {[%clk 1:02:10]} 19. h3 {[%clk 0:52:56]} Bd7
{[%clk 1:00:59]} 20. b3 {[%clk 0:53:03]} Be8 {[%clk 1:01:14]} 21. Qf5
{[%clk 0:52:33]} bxc4 {[%clk 0:47:27]} 22. Nxc4 {[%clk 0:52:46]} Nxc4
{[%clk 0:40:22]} 23. bxc4 {[%clk 0:51:24]} Rb7 {[%clk 0:40:28]} 24. e5
{[%clk 0:50:33]} dxe5 {[%clk 0:31:56]} 25. Qxe5 {[%clk 0:50:53]} f6
{[%clk 0:31:24]} 26. Qe3 {[%clk 0:46:26]} Qe7 {[%clk 0:29:52]} 27. Qa3
{[%clk 0:45:09]} Bg6 {[%clk 0:29:40]} 28. Bg4 {[%clk 0:35:22]} Rfb8
{[%clk 0:19:11]} 29. Be6+ {[%clk 0:34:00]} Kf8 {[%clk 0:18:20]} 30. Kh2
{[%clk 0:25:39]} Qd6 {[%clk 0:17:54]} 31. h4 {[%clk 0:23:24]} Rb1
{[%clk 0:15:26]} 32. Rf3 {[%clk 0:17:03]} R8b4 {[%clk 0:09:36]} 33. Qc3
{[%clk 0:14:47]} Rd1 {[%clk 0:05:03]} 34. Kh3 {[%clk 0:09:01]} Rd4
{[%clk 0:03:55]} 35. Qe1 {[%clk 0:02:47]} Rdxc4 {[%clk 0:03:15]} 36. Kh2
{[%clk 0:02:42]} Rxh4+ {[%clk 0:03:19]} 37. Bh3 {[%clk 0:03:09]} Qxd5
{[%clk 0:02:38]} 38. Qf1 {[%clk 0:02:11]} Qd6 {[%clk 0:02:55]} 39. Qf2
{[%clk 0:01:58]} Rbd4 {[%clk 0:01:47]} 40. Re3 {[%clk 0:01:48]} Rd2
{[%clk 0:01:43]} 41. Qf1 {[%clk 0:01:17]} c4 {[%clk 0:01:18]} 42. Qe1
{[%clk 0:25:17]} Bf5 {[%clk 0:26:59]} 43. Re2 {[%clk 0:16:17]} c3
{[%clk 0:23:35]} 44. Re8+ {[%clk 0:14:43]} Kf7 {[%clk 0:24:03]} 45. Re2
{[%clk 0:13:49]} Bxh3 {[%clk 0:23:09]} 46. gxh3 {[%clk 0:14:08]} 0-1

[Event "WCO2014"]
[Site "Tromso"]
[Date "2014.08.09"]
[Round "7.46"]
[WhiteID "1312383"]
[White "Gator Mosab"]
[BlackID "11700033"]
[Black "Ahmadi Zabiullah"]
[Result "1-0"]
[LiveChessVersion "1.4.3"]
[BlackElo "2031"]
[WhiteElo "2166"]

1. e4 {[%clk 1:30:57]} d5 {[%clk 1:30:53]} 2. exd5 {[%clk 1:31:15]} Qxd5
{[%clk 1:31:19]} 3. Nc3 {[%clk 1:31:37]} Qa5 {[%clk 1:31:32]} 4. d4
{[%clk 1:31:49]} Nf6 {[%clk 1:31:58]} 5. Nf3 {[%clk 1:31:40]} Bg4
{[%clk 1:32:04]} 6. h3 {[%clk 1:31:43]} Bh5 {[%clk 1:32:08]} 7. g4
{[%clk 1:31:27]} Bg6 {[%clk 1:32:36]} 8. Ne5 {[%clk 1:28:52]} c6 {[%clk 1:32:12]}
9. Nc4 {[%clk 1:16:29]} Qd8 {[%clk 1:32:14]} 10. Bg2 {[%clk 1:10:40]} e6
{[%clk 1:32:31]} 11. Bg5 {[%clk 1:01:38]} Be7 {[%clk 1:32:57]} 12. Qd2
{[%clk 1:00:24]} Nbd7 {[%clk 1:32:26]} 13. O-O-O {[%clk 1:00:14]} O-O
{[%clk 1:29:45]} 14. Ne3 {[%clk 0:47:53]} Qa5 {[%clk 1:28:41]} 15. h4
{[%clk 0:45:01]} Bb4 {[%clk 1:27:07]} 16. Kb1 {[%clk 0:30:20]} Ne4
{[%clk 1:25:02]} 17. Bxe4 {[%clk 0:30:48]} Bxe4 {[%clk 1:25:13]} 18. Rh3
{[%clk 0:31:00]} Nb6 {[%clk 1:21:06]} 19. a3 {[%clk 0:27:46]} Bxc3
{[%clk 1:20:58]} 20. Qxc3 {[%clk 0:28:13]} Qxc3 {[%clk 1:20:51]} 21. bxc3
{[%clk 0:28:41]} Rac8 {[%clk 1:18:14]} 22. c4 {[%clk 0:27:15]} f6
{[%clk 1:18:21]} 23. Bf4 {[%clk 0:27:06]} Rfd8 {[%clk 1:16:15]} 24. f3
{[%clk 0:27:03]} Bg6 {[%clk 1:16:29]} 25. h5 {[%clk 0:21:07]} Bf7
{[%clk 1:16:49]} 26. c5 {[%clk 0:21:19]} Nd5 {[%clk 1:12:09]} 27. Nxd5
{[%clk 0:21:46]} exd5 {[%clk 1:11:34]} 28. Rhh1 {[%clk 0:17:20]} Re8
{[%clk 1:12:00]} 29. Rde1 {[%clk 0:17:02]} b6 {[%clk 1:10:09]} 30. Bd6
{[%clk 0:16:38]} b5 {[%clk 1:08:56]} 31. Kb2 {[%clk 0:17:05]} f5 {[%clk 1:08:10]}
32. gxf5 {[%clk 0:16:00]} Rxe1 {[%clk 1:07:47]} 33. Rxe1 {[%clk 0:16:28]} Bxh5
{[%clk 1:08:17]} 34. Re7 {[%clk 0:16:27]} a5 {[%clk 1:07:07]} 35. Be5
{[%clk 0:16:03]} Bf7 {[%clk 1:07:35]} 36. a4 {[%clk 0:15:37]} bxa4
{[%clk 1:07:54]} 37. Ka3 {[%clk 0:15:43]} h5 {[%clk 1:07:40]} 38. Kxa4
{[%clk 0:15:59]} h4 {[%clk 1:08:09]} 39. Kxa5 {[%clk 0:15:27]} h3
{[%clk 1:08:38]} 40. Kb6 {[%clk 0:14:25]} Re8 {[%clk 1:05:56]} 41. Ra7
{[%clk 0:14:53]} Bh5 {[%clk 1:03:27]} 42. Rxg7+ {[%clk 0:14:44]} Kf8
{[%clk 1:03:45]} 43. Rh7 {[%clk 0:14:29]} Bxf3 {[%clk 1:04:13]} 44. Rxh3
{[%clk 0:14:17]} Be4 {[%clk 1:04:02]} 45. Kxc6 {[%clk 0:13:42]} Bxc2
{[%clk 1:04:29]} 46. Kxd5 {[%clk 0:12:57]} Kf7 {[%clk 1:04:52]} 47. Rh7+
{[%clk 0:13:01]} Kg8 {[%clk 1:05:15]} 48. Rh8+ {[%clk 0:13:24]} Kf7
{[%clk 1:05:16]} 49. Rxe8 {[%clk 0:13:30]} Kxe8 {[%clk 1:05:45]} 50. Ke6
{[%clk 0:13:51]} Bb3+ {[%clk 1:06:07]} 51. d5 {[%clk 0:14:07]} 1-0

[Event "WCO2014"]
[Site "Tromso"]
[Date "2014.08.09"]
[Round "7.45"]
[WhiteID "11700580"]
[White "Sarwary Hamidullah"]
[BlackID "9200177"]
[Black "Asabri Hussien"]
[Result "0-1"]
[LiveChessVersion "1.4.3"]
[BlackElo "2202"]
[WhiteElo "1920"]

1. d4 {[%clk 1:30:58]} Nf6 {[%clk 1:30:55]} 2. c4 {[%clk 1:31:26]} c5
{[%clk 1:31:14]} 3. Nf3 {[%clk 1:31:01]} cxd4 {[%clk 1:31:28]} 4. Nxd4
{[%clk 1:30:33]} e5 {[%clk 1:31:48]} 5. Nf3 {[%clk 1:29:13]} e4 {[%clk 1:27:57]}
6. Nd4 {[%clk 1:28:01]} d5 {[%clk 1:25:26]} 7. e3 {[%clk 1:23:47]} Bb4+
{[%clk 1:23:49]} 8. Nd2 {[%clk 1:18:29]} O-O {[%clk 1:22:21]} 9. Be2
{[%clk 1:18:27]} Nc6 {[%clk 1:22:24]} 10. a3 {[%clk 1:12:56]} Nxd4
{[%clk 1:18:45]} 11. exd4 {[%clk 1:07:56]} Bxd2+ {[%clk 1:15:27]} 12. Qxd2
{[%clk 0:58:34]} dxc4 {[%clk 1:10:14]} 13. Bxc4 {[%clk 0:54:59]} e3
{[%clk 1:03:47]} 14. fxe3 {[%clk 0:47:41]} Ne4 {[%clk 1:04:07]} 15. Qe2
{[%clk 0:40:20]} Qh4+ {[%clk 1:03:36]} 16. g3 {[%clk 0:39:55]} Nxg3
{[%clk 0:53:08]} 17. Qf2 {[%clk 0:39:19]} Qe4 {[%clk 0:53:05]} 18. Rg1
{[%clk 0:38:16]} Nf5 {[%clk 0:53:13]} 19. Bd2 {[%clk 0:33:12]} Re8
{[%clk 0:26:52]} 20. Be2 {[%clk 0:21:17]} Nxe3 {[%clk 0:20:55]} 21. Bxe3
{[%clk 0:20:09]} Qxe3 {[%clk 0:21:10]} 22. Qxe3 {[%clk 0:19:12]} Rxe3
{[%clk 0:21:31]} 23. Kf2 {[%clk 0:19:23]} Rb3 {[%clk 0:20:32]} 24. Ra2
{[%clk 0:17:03]} Be6 {[%clk 0:20:33]} 25. Rd1 {[%clk 0:14:06]} Rd8
{[%clk 0:19:11]} 26. Rd2 {[%clk 0:13:37]} Rh3 {[%clk 0:18:35]} 27. Ra1
{[%clk 0:13:12]} Rxh2+ {[%clk 0:18:43]} 28. Kg3 {[%clk 0:12:50]} Rh3+
{[%clk 0:18:43]} 29. Kg2 {[%clk 0:13:11]} Rh4 {[%clk 0:16:57]} 30. d5
{[%clk 0:12:36]} Rxd5 {[%clk 0:16:43]} 31. Rxd5 {[%clk 0:12:52]} Bxd5+
{[%clk 0:17:04]} 32. Kg3 {[%clk 0:13:18]} g5 {[%clk 0:09:24]} 33. Rd1
{[%clk 0:12:55]} Be6 {[%clk 0:09:33]} 34. Bf3 {[%clk 0:12:44]} Rh3+
{[%clk 0:07:33]} 35. Kg2 {[%clk 0:12:44]} g4 {[%clk 0:07:41]} 36. Bxb7
{[%clk 0:12:43]} Rb3 {[%clk 0:08:03]} 37. Bd5 {[%clk 0:11:42]} Rxb2+
{[%clk 0:06:21]} 38. Kg3 {[%clk 0:11:46]} Bxd5 {[%clk 0:06:14]} 39. Rxd5
{[%clk 0:12:11]} Rb3+ {[%clk 0:06:36]} 40. Kxg4 {[%clk 0:12:26]} Rxa3
{[%clk 0:06:56]} 41. Rg5+ {[%clk 0:10:18]} Kf8 {[%clk 0:07:16]} 42. Rh5
{[%clk 0:10:07]} Ra4+ {[%clk 0:07:39]} 43. Kg3 {[%clk 0:09:58]} Kg7
{[%clk 0:08:03]} 44. Rg5+ {[%clk 0:10:08]} Kf6 {[%clk 0:08:23]} 45. Rh5
{[%clk 0:10:17]} Kg6 {[%clk 0:08:43]} 46. Rc5 {[%clk 0:10:21]} h5
{[%clk 0:09:02]} 47. Rc8 {[%clk 0:08:57]} h4+ {[%clk 0:09:26]} 48. Kh3
{[%clk 0:09:02]} Kg5 {[%clk 0:08:47]} 49. Rg8+ {[%clk 0:06:39]} Kf5
{[%clk 0:05:09]} 50. Rf8 {[%clk 0:06:44]} f6 {[%clk 0:05:18]} 51. Rg8
{[%clk 0:06:39]} a5 {[%clk 0:04:40]} 52. Ra8 {[%clk 0:06:39]} Kg5
{[%clk 0:03:56]} 53. Rg8+ {[%clk 0:06:51]} Kf5 {[%clk 0:03:55]} 54. Ra8
{[%clk 0:07:01]} Ra1 {[%clk 0:01:48]} 55. Kxh4 {[%clk 0:04:13]} a4
{[%clk 0:01:47]} 56. Kg3 {[%clk 0:03:39]} Ra3+ {[%clk 0:02:05]} 57. Kf2
{[%clk 0:03:35]} Kf4 {[%clk 0:02:17]} 58. Rf8 {[%clk 0:00:39]} Ra2+
{[%clk 0:02:22]} 59. Kf1 {[%clk 0:27:12]} f5 {[%clk 0:32:40]} 60. Rc8
{[%clk 0:26:09]} a3 {[%clk 0:32:50]} 61. Rc4+ {[%clk 0:22:25]} Kg3
{[%clk 0:32:05]} 62. Rc3+ {[%clk 0:21:09]} Kg4 {[%clk 0:32:28]} 63. Rc7
{[%clk 0:19:27]} Rb2 {[%clk 0:32:21]} 64. Rg7+ {[%clk 0:12:38]} Kf3
{[%clk 0:32:29]} 65. Kg1 {[%clk 0:12:36]} a2 {[%clk 0:31:28]} 66. Ra7
{[%clk 0:11:53]} Rb1+ {[%clk 0:31:41]} 67. Kh2 {[%clk 0:11:47]} a1=Q
{[%clk 0:31:59]} 0-1

[Event "WCO2014"]
[Site "Tromso"]
[Date "2014.08.09"]
[Round "7.21"]
[WhiteID "4695330"]
[White "Ferster Fabian"]
[BlackID "10800174"]
[Black "Gateri Martin"]
[Result "1-0"]
[LiveChessVersion "1.4.3"]
[BlackElo "2064"]
[WhiteElo "2137"]

1. e4 {[%clk 1:30:50]} d5 {[%clk 1:28:15]} 2. Nc3 {[%clk 1:27:29]} d4
{[%clk 1:26:33]} 3. Nce2 {[%clk 1:27:54]} e5 {[%clk 1:26:16]} 4. Ng3
{[%clk 1:27:53]} Nf6 {[%clk 1:19:50]} 5. Nf3 {[%clk 1:28:03]} Bg4
{[%clk 1:19:53]} 6. Bc4 {[%clk 1:28:01]} Bxf3 {[%clk 1:17:44]} 7. Qxf3
{[%clk 1:28:16]} Nbd7 {[%clk 1:18:04]} 8. Qb3 {[%clk 1:26:53]} Bd6
{[%clk 1:15:46]} 9. Bxf7+ {[%clk 1:23:02]} Kf8 {[%clk 1:16:10]} 10. Bc4
{[%clk 1:11:41]} Nc5 {[%clk 1:12:09]} 11. Qf3 {[%clk 1:11:32]} g6
{[%clk 1:11:48]} 12. h4 {[%clk 1:10:16]} h5 {[%clk 1:11:26]} 13. d3
{[%clk 1:04:43]} Kg7 {[%clk 1:11:04]} 14. Bg5 {[%clk 0:57:00]} Be7
{[%clk 1:10:09]} 15. Qe2 {[%clk 0:45:33]} c6 {[%clk 1:08:04]} 16. a4
{[%clk 0:43:29]} Ng4 {[%clk 1:04:25]} 17. Qd2 {[%clk 0:37:16]} Bxg5
{[%clk 1:03:58]} 18. Qxg5 {[%clk 0:28:32]} Qxg5 {[%clk 1:04:18]} 19. hxg5
{[%clk 0:28:56]} Raf8 {[%clk 1:04:20]} 20. O-O {[%clk 0:23:06]} h4
{[%clk 1:01:54]} 21. Nh1 {[%clk 0:22:22]} Rh5 {[%clk 1:01:38]} 22. b4
{[%clk 0:20:22]} Na6 {[%clk 1:01:38]} 23. Be6 {[%clk 0:18:26]} Rxg5
{[%clk 1:01:27]} 24. Bxg4 {[%clk 0:18:28]} Rxg4 {[%clk 1:01:49]} 25. b5
{[%clk 0:18:35]} Nb4 {[%clk 1:01:52]} 26. f3 {[%clk 0:14:00]} Rg5
{[%clk 1:00:11]} 27. bxc6 {[%clk 0:10:59]} bxc6 {[%clk 0:58:36]} 28. Rac1
{[%clk 0:10:39]} a5 {[%clk 0:57:51]} 29. Kh2 {[%clk 0:10:42]} Rh5
{[%clk 0:56:48]} 30. Nf2 {[%clk 0:10:33]} Kf6 {[%clk 0:54:33]} 31. c3
{[%clk 0:02:41]} Na2 {[%clk 0:46:09]} 32. cxd4 {[%clk 0:03:05]} Nxc1
{[%clk 0:45:49]} 33. Rxc1 {[%clk 0:03:31]} exd4 {[%clk 0:41:51]} 34. Rxc6+
{[%clk 0:03:57]} Kg7 {[%clk 0:42:07]} 35. Rd6 {[%clk 0:03:57]} Rb8
{[%clk 0:41:50]} 36. Rxd4 {[%clk 0:01:37]} Rb2 {[%clk 0:41:48]} 37. Nh3
{[%clk 0:00:59]} Rc5 {[%clk 0:41:25]} 38. Nf4 {[%clk 0:00:55]} Rcc2
{[%clk 0:39:44]} 39. Rd6 {[%clk 0:01:13]} Ra2 {[%clk 0:38:55]} 40. Rxg6+
{[%clk 0:01:37]} Kf7 {[%clk 0:39:09]} 41. e5 {[%clk 0:00:40]} Rxa4
{[%clk 0:38:57]} 42. e6+ {[%clk 0:27:25]} Kf8 {[%clk 1:09:26]} 43. Nd5
{[%clk 0:25:48]} Re2 {[%clk 1:08:50]} 44. Nc3 {[%clk 0:25:48]} Raa2
{[%clk 1:08:47]} 45. Nxa2 {[%clk 0:23:39]} Rxa2 {[%clk 1:08:58]} 46. Rg5
{[%clk 0:24:03]} Ke7 {[%clk 1:09:03]} 47. Re5 {[%clk 0:20:16]} a4
{[%clk 1:09:11]} 48. d4 {[%clk 0:15:42]} Rd2 {[%clk 1:08:58]} 49. d5
{[%clk 0:15:48]} a3 {[%clk 1:08:57]} 50. Re3 {[%clk 0:16:13]} a2 {[%clk 1:06:49]}
51. Ra3 {[%clk 0:16:40]} Rxd5 {[%clk 1:05:22]} 52. Rxa2 {[%clk 0:17:05]} Kxe6
{[%clk 1:05:34]} 53. Ra4 {[%clk 0:17:31]} 1-0

[Event "WCO2014"]
[Site "Tromso"]
[Date "2014.08.09"]
[Round "7.22"]
[WhiteID "10800166"]
[White "Magana Ben"]
[BlackID "12000094"]
[Black "Kobler Mario"]
[Result "0-1"]
[LiveChessVersion "1.4.3"]
[BlackElo "2113"]
[WhiteElo "2085"]

1. e4 {[%clk 1:30:59]} Nf6 {[%clk 1:30:55]} 2. Bc4 {[%clk 1:31:08]} Nxe4
{[%clk 1:30:26]} 3. Bxf7+ {[%clk 1:31:05]} Kxf7 {[%clk 1:30:50]} 4. Qh5+
{[%clk 1:31:29]} g6 {[%clk 1:28:00]} 5. Qd5+ {[%clk 1:31:23]} e6 {[%clk 1:28:19]}
6. Qxe4 {[%clk 1:31:51]} d5 {[%clk 1:27:31]} 7. Qf4+ {[%clk 1:31:41]} Kg8
{[%clk 1:27:15]} 8. Nf3 {[%clk 1:31:28]} Bd6 {[%clk 1:22:51]} 9. Qe3
{[%clk 1:29:17]} Nc6 {[%clk 1:19:23]} 10. d4 {[%clk 1:28:56]} Bd7
{[%clk 1:12:39]} 11. O-O {[%clk 1:25:58]} Qf6 {[%clk 1:09:15]} 12. Nc3
{[%clk 1:22:16]} a6 {[%clk 1:02:11]} 13. Re1 {[%clk 1:16:14]} Rf8
{[%clk 1:02:10]} 14. a3 {[%clk 1:03:12]} h6 {[%clk 1:00:33]} 15. Bd2
{[%clk 0:51:15]} g5 {[%clk 0:59:47]} 16. h3 {[%clk 0:47:36]} Qg6 {[%clk 0:44:39]}
17. Rac1 {[%clk 0:43:51]} Rh7 {[%clk 0:44:21]} 18. Ne2 {[%clk 0:34:25]} Rhf7
{[%clk 0:40:13]} 19. Ng3 {[%clk 0:32:58]} Bf4 {[%clk 0:33:59]} 20. Qe2
{[%clk 0:32:08]} Bxg3 {[%clk 0:33:50]} 21. fxg3 {[%clk 0:32:25]} Rxf3
{[%clk 0:33:17]} 22. gxf3 {[%clk 0:32:28]} Nxd4 {[%clk 0:33:34]} 23. Qe3
{[%clk 0:30:02]} Nxf3+ {[%clk 0:32:51]} 24. Kg2 {[%clk 0:29:24]} e5
{[%clk 0:28:57]} 25. Bb4 {[%clk 0:19:38]} d4 {[%clk 0:26:44]} 26. Qe4
{[%clk 0:13:58]} Nxe1+ 27. Qxe1 {[%clk 0:14:02]} c5 {[%clk 0:22:56]} 0-1

[Event "WCO2014"]
[Site "Tromso"]
[Date "2014.08.09"]
[Round "7.23"]
[WhiteID "12000027"]
[White "Frick Renato"]
[BlackID "10800816"]
[Black "Atwoli Joseph"]
[Result "1-0"]
[LiveChessVersion "1.4.3"]
[BlackElo "2046"]
[WhiteElo "2057"]

1. e4 {[%clk 1:30:56]} d5 {[%clk 1:31:00]} 2. exd5 {[%clk 1:31:03]} Qxd5
{[%clk 1:31:29]} 3. Nc3 {[%clk 1:31:18]} Qa5 {[%clk 1:31:46]} 4. d4
{[%clk 1:31:37]} Nf6 {[%clk 1:32:15]} 5. Nf3 {[%clk 1:31:20]} Bf5
{[%clk 1:32:44]} 6. Ne5 {[%clk 1:31:12]} c6 {[%clk 1:33:12]} 7. g4
{[%clk 1:27:33]} Be6 {[%clk 1:28:34]} 8. Bc4 {[%clk 1:26:37]} Nxg4
{[%clk 1:24:55]} 9. Bxe6 {[%clk 1:26:08]} Nxe5 {[%clk 1:25:12]} 10. Bb3
{[%clk 1:26:27]} Ng6 {[%clk 1:24:01]} 11. h4 {[%clk 1:23:39]} e6 {[%clk 1:22:43]}
12. Qf3 {[%clk 1:19:45]} Nd7 {[%clk 1:20:20]} 13. Bd2 {[%clk 1:15:05]} Qc7
{[%clk 1:18:06]} 14. h5 {[%clk 1:12:26]} Ne7 {[%clk 1:18:29]} 15. Bf4
{[%clk 1:10:30]} Qa5 {[%clk 1:17:49]} 16. O-O-O {[%clk 1:08:23]} Nb6
{[%clk 1:15:07]} 17. Ne4 {[%clk 1:04:47]} Nf5 {[%clk 1:15:00]} 18. Ng5
{[%clk 0:50:05]} Nd5 {[%clk 1:14:14]} 19. Be5 {[%clk 0:45:42]} h6
{[%clk 1:13:13]} 20. Ne4 {[%clk 0:44:19]} O-O-O {[%clk 1:10:23]} 21. Kb1
{[%clk 0:39:00]} Rd7 {[%clk 0:54:37]} 22. c4 {[%clk 0:28:24]} Nb6
{[%clk 0:50:26]} 23. d5 {[%clk 0:27:00]} cxd5 {[%clk 0:50:37]} 24. cxd5
{[%clk 0:27:23]} Nxd5 {[%clk 0:44:23]} 25. Bxd5 {[%clk 0:27:28]} Rxd5
{[%clk 0:44:08]} 26. Rxd5 {[%clk 0:27:50]} 1-0

[Event "WCO2014"]
[Site "Tromso"]
[Date "2014.08.09"]
[Round "7.24"]
[WhiteID "10800824"]
[White "Ouma Stephen"]
[BlackID "12000078"]
[Black "Guller Andras"]
[Result "1-0"]
[LiveChessVersion "1.4.3"]
[BlackElo "2042"]
[WhiteElo "2038"]

1. e4 {[%clk 1:29:20]} c5 {[%clk 1:30:29]} 2. Nc3 {[%clk 1:29:37]} e6
{[%clk 1:30:19]} 3. g3 {[%clk 1:29:23]} Nc6 {[%clk 1:29:43]} 4. Bg2
{[%clk 1:29:05]} g6 {[%clk 1:29:04]} 5. d3 {[%clk 1:28:04]} Bg7 {[%clk 1:28:39]}
6. f4 {[%clk 1:27:57]} d6 {[%clk 1:27:33]} 7. Nf3 {[%clk 1:28:03]} Nge7
{[%clk 1:26:48]} 8. O-O {[%clk 1:28:21]} O-O {[%clk 1:20:26]} 9. Be3
{[%clk 1:28:26]} Nd4 {[%clk 1:18:44]} 10. e5 {[%clk 1:26:00]} Nef5
{[%clk 1:13:50]} 11. Bf2 {[%clk 1:24:53]} Nxf3+ {[%clk 1:11:24]} 12. Qxf3
{[%clk 1:21:26]} Nd4 {[%clk 1:10:56]} 13. Qd1 {[%clk 1:21:26]} dxe5
{[%clk 1:08:47]} 14. fxe5 {[%clk 1:21:27]} Bxe5 {[%clk 1:08:45]} 15. Ne4
{[%clk 1:20:53]} f5 {[%clk 1:03:42]} 16. Nxc5 {[%clk 1:16:17]} Qd6
{[%clk 1:00:53]} 17. b4 {[%clk 1:12:19]} Nc6 {[%clk 0:59:04]} 18. Rb1
{[%clk 1:10:51]} Bd4 {[%clk 0:57:16]} 19. Qe1 {[%clk 1:04:39]} a5
{[%clk 0:54:16]} 20. c3 {[%clk 1:02:59]} Bxf2+ {[%clk 0:46:58]} 21. Qxf2
{[%clk 1:03:25]} axb4 {[%clk 0:46:43]} 22. cxb4 {[%clk 1:01:40]} Ne5
{[%clk 0:36:49]} 23. Qf4 {[%clk 0:58:43]} Rxa2 {[%clk 0:32:46]} 24. Rfe1
{[%clk 0:57:00]} Nf7 {[%clk 0:31:18]} 25. Qxd6 {[%clk 0:57:21]} Nxd6
{[%clk 0:31:37]} 26. Nxe6 {[%clk 0:57:47]} Bxe6 {[%clk 0:25:08]} 27. Rxe6
{[%clk 0:58:06]} Nf7 {[%clk 0:24:59]} 28. Bxb7 {[%clk 0:56:19]} Rd8
{[%clk 0:23:53]} 29. Ba6 {[%clk 0:56:28]} Ng5 {[%clk 0:22:41]} 30. Rxg6+
{[%clk 0:52:50]} hxg6 {[%clk 0:22:28]} 31. Bc4+ {[%clk 0:53:19]} Kg7
{[%clk 0:22:25]} 32. Bxa2 {[%clk 0:53:36]} Rxd3 {[%clk 0:22:28]} 33. Rb2
{[%clk 0:53:35]} Rd6 {[%clk 0:14:20]} 34. b5 {[%clk 0:53:35]} Rb6
{[%clk 0:14:44]} 35. Bd5 {[%clk 0:52:42]} Kf6 {[%clk 0:13:20]} 36. h4
{[%clk 0:51:15]} Ne6 {[%clk 0:13:06]} 37. Bxe6 {[%clk 0:51:27]} Kxe6
{[%clk 0:13:29]} 38. Kf2 {[%clk 0:51:50]} Kd5 {[%clk 0:09:49]} 39. Ke3
{[%clk 0:51:54]} Ke5 {[%clk 0:09:55]} 40. Kf3 {[%clk 0:52:03]} Kd4
{[%clk 0:08:18]} 41. Kf4 {[%clk 0:52:17]} Kd5 {[%clk 0:30:06]} 42. h5
{[%clk 1:22:34]} gxh5 {[%clk 0:24:58]} 43. Kxf5 {[%clk 1:22:52]} h4
{[%clk 0:23:24]} 44. gxh4 {[%clk 1:23:01]} Rb8 {[%clk 0:23:43]} 45. b6
{[%clk 1:22:52]} Kc6 {[%clk 0:24:02]} 46. b7 {[%clk 1:22:54]} Kc7
{[%clk 0:24:27]} 47. Kf6 {[%clk 1:23:04]} Rf8+ {[%clk 0:23:22]} 48. Kg7
{[%clk 1:23:19]} 1-0